| 000 | 00594nam a22002297a 4500 | ||
|---|---|---|---|
| 001 | 000442 | ||
| 003 | DO-SdBNP | ||
| 005 | 20180206104229.0 | ||
| 007 | 000442 | ||
| 008 | 160830b 1993 sp ||||| |||| 00| 0 spa d | ||
| 020 | _a8440642083 | ||
| 040 |
_aBPMSU _bspa _cBPMSU |
||
| 100 | 1 | _aAcuña, Ramón Luis | |
| 245 | 1 | 0 |
_aLas tribus de Europa / _cRamón Luis Acuña. |
| 260 |
_aBarcelona : _bEdiciones B, _c1993. |
||
| 300 |
_a442 p. ; _c24 cm. |
||
| 490 | 1 | _aReporter | |
| 830 | 0 | _aReporter | |
| 942 |
_2ddc _cBK |
||
| 945 | _aInventariado, 2018 /LP | ||
| 956 |
_aLOPEREZ _b10 _c20160830 |
||
| 999 |
_c11217 _d11217 |
||